Regional report (Record no. 81743)

MARC details
000 -LEADER
fixed length control field 00902cab a22001935a 4500
001 - CONTROL NUMBER
control field L148190
008 - FIXED-LENGTH DATA ELEMENTS--GENERAL INFORMATION
fixed length control field 090818e20090717xxkbdo f 000 0 eng d
035 ## - SYSTEM CONTROL NUMBER
System control number (Sirsi) u148190
041 0# - LANGUAGE CODE
Language code of text/sound track or separate title eng
100 1# - MAIN ENTRY--PERSONAL NAME
Personal name Eade, Christine
245 00 - TITLE STATEMENT
Title Regional report
Remainder of title Hampshire, Dorset and Wiltshire
260 ## - PUBLICATION, DISTRIBUTION, ETC.
Date of publication, distribution, etc. 2009
490 #0 - SERIES STATEMENT
Series statement Property Week
Volume/sequential designation 75 (29) 18 July 2009, 60-66 (5)
520 ## - SUMMARY, ETC.
Summary, etc. Reviews local developments and news. Reports that Pruprim developed five buildings within Solent Business Park in Southampton and is trying to let space. Reveals that Weymouth coast could be improved with a ferry terminal if Europa Capital finds a new partner. Explains that Towbridge leisure development needs a new developer as the current one went into administration.
590 ## - LOCAL NOTE (RLIN)
Local note KA
651 #4 - SUBJECT ADDED ENTRY--GEOGRAPHIC NAME
Geographic name South West (England)
Chronological subdivision 1994-
690 ## - LOCAL SUBJECT ADDED ENTRY--TOPICAL TERM (OCLC, RLIN)
Topical term or geographic name as entry element PROPERTY-COMMERCIAL PROPERTY-COMMERCIAL PROPERTY MARKET
942 ## - ADDED ENTRY ELEMENTS (KOHA)
Suppress in OPAC 0
Holdings
Withdrawn status Lost status Source of classification or shelving scheme Damaged status Not for loan Home library Current library Shelving location Date acquired Total Checkouts Full call number Barcode Date last seen Copy number Price effective from Koha item type
    Dewey Decimal Classification     London London Journal article 18/08/2009   L148190 148190-1001 06/08/2019 1 06/08/2019 Journal article